Medallas y Líderes de Gimnasio de Johto - Pokemon Quiz - Estadísticas

Estadísticas generales
  • Esta prueba ha sido intentada 13 veces
  • La puntuación promedio es 14 de 24
Estadísticas de respuestas
Imagen Respuesta % Correcto
Blanca
100%
Antón
91%
Morti
91%
Pegaso
91%
Aníbal
73%
Débora
73%
Pueblo Azalea
73%
Yasmina
73%
Ciudad Endrino
64%
Ciudad Malva
64%
Ciudad Olivo
64%
Ciudad Orquídea
64%
Ciudad Trigal
64%
Fredo
64%
Medalla Dragón
64%
Ciudad Iris
55%
Pueblo Caoba
55%
Medalla Planicie
45%
Medalla Céfiro
27%
Medalla Colmena
18%
Medalla Niebla
18%
Medalla Glaciar
9%
Medalla Mineral
9%
Medalla Tormenta
9%
No se encontraron pruebas coincidentes
Distribución de puntuación
Porcentaje de gente con cada puntuación
Porcentaje por número respondido
Historial de tus puntuaciones
No has intentado esta prueba.